000 01048nam a22002657a 4500
003 BPGM
008 260619e2005 mx ||||g |||| 001 p spa d
040 _bspa
041 _aspa
_hspa
082 0 4 _2862.08M
_aH673
100 _aAYHLLON, LUIS. MALPICA MAURY JAVIER, TREVIZO HIGUERA ELMA Y BLUMENTHAL VIVIAN
_eAUTORES
245 _aLA HISTORIA DEL SER QUE IMAGINO UN AMULETO BAJO TIERRA
250 _aPRIMERA EDICION
_b2005
260 _aMEXICO
_bGOBIERNO DEL ESTADO DE QUERETARO
_c2005
260 _aMEXICO
_bCONSEJO ESTATAL PARA LA CULTURA Y LAS ARTES
_c2005
300 _a188 paginas
_c21.8 cm x 13.8 cm
336 _2rdacontent
_atexto
_btxt
337 _2rdamedia
_asin mediación
_bn
338 _2rdacarrier
_avolumen
_bnc
505 _aes una antología de dramaturgia que reúne las obras premiadas en el VI Concurso Nacional de Dramaturgia Manuel Herrera Castañeda, celebrado en Querétaro.
650 _2LITERATURA Y RETÓRICA
650 _2LITERATURAS ESPAÑOLA Y PORTUGUESA
650 _2TEATRO ESPAÑOL
942 _2ddc
_cCOLQ
999 _c68655
_d68655